Οργανωτική θεωρία : εξέλιξη και νεότερες διαπιστώσεις ως προς τη δομή των οικονομικών μονάδων και η διαμόρφωση της συμπεριφοράς σ' αυτές
Saved in:
| Main Author: | |
|---|---|
| Format: | Book |
| Language: | Greek |
| Published: |
Αθήνα :
Ευρωτύπ Α.Ε.,
[19--].
|
| Subjects: | |
| Tags: |
Add Tag
No Tags, Be the first to tag this record!
|
MARC
| LEADER | 00000cam a2200000 i 4500 | ||
|---|---|---|---|
| 001 | 1/65963 | ||
| 008 | 960614q19uu gr | ||| |||| ||gre|| | ||
| 020 | |a 9608404053 | ||
| 035 | |l 10029734 | ||
| 040 | |a GR-MyUA |b gre |e AACR2 | ||
| 041 | 0 | |a gre | |
| 082 | 0 | |a 658.001 | |
| 100 | 1 | |a Κανελλόπουλος, Χαράλαμπος Κ. | |
| 245 | 1 | 0 | |a Οργανωτική θεωρία : |b εξέλιξη και νεότερες διαπιστώσεις ως προς τη δομή των οικονομικών μονάδων και η διαμόρφωση της συμπεριφοράς σ' αυτές / |c Χαράλαμπος Κ. Κανελλόπουλος. |
| 260 | |a Αθήνα : |b Ευρωτύπ Α.Ε., |c [19--]. | ||
| 300 | |a 336 σ. ; |c 24 εκ. | ||
| 504 | |a Περιλαμβάνει βιβλιογραφικές αναφορές. | ||
| 650 | 0 | 0 | |a Management. |
| 852 | |a INST |b CHIOS |e 19960614 |h 658.001 ΚΑΝ |p 005200007885 |q 005200007885 |t BK |y 0 | ||
| 852 | |a INST |b CHIOS |e 19960819 |h 658.001 ΚΑΝ |p 005200009213 |q 005200009213 |t BK |y 0 | ||
| 852 | |a INST |b CHIOS |e 19960819 |h 658.001 ΚΑΝ |p 005200010885 |q 005200010885 |t BK |y 0 | ||
| 852 | |a INST |b LESVOS |e 20010126 |h 658.001 ΚΑΝ |p 005100029226 |q 005100029226 |t BK |y 0 | ||
| 852 | |a INST |b RHODES |e 20010329 |h 658.001 ΚΑΝ |p 005400017004 |q 005400017004 |t BK |y 0 | ||
| 852 | |a INST |b SAMOS |e 20040319 |h 658.001 ΚΑΝ |p 005300023394 |q 005300023394 |t BK |y 0 | ||
| 901 | |a BIBL3-2004-1 | ||
| 901 | |a BIBL2-2001-1 | ||
| 901 | |a BIBL4-2001-1 | ||
| 909 | |a Σ |b 107288 | ||
| 909 | |a Χ |b 015615 | ||
| 909 | |a Χ |b 015616 | ||
| 909 | |a Χ |b 015617 | ||
| 909 | |a Λ |b 084650 | ||
| 909 | |a Ρ |b 085011 | ||